000 00966nam a22002897a 4500
001 7406
003 FISKH
005 20250818160849.0
008 250714b cb ||||| |||| 00| 0 eng d
020 _a9781841351926
040 _aFISKH
_beng
_cFISKH
_dFISKH
082 _a823.92
100 _aAndrew, Jackie
245 _aThe great big enormous turnip /
_cRewrite by Jackie Andrews : Illustrated by Lawrie Taylor
260 _aLondon :
_bAward Publications Limited ,
_c2003.
300 _a32​ unnumbered pages :
_bcolor illustrations ;
_c26 cm .
490 _aAward Young Readers
505 _aF
520 _aThe mouse added just the necessary weight to the line formed by all those trying to pull up the giant turnip.
521 8 _a300
_bLexile estimate
521 8 _aF
_bRaz-Plus
650 _aTurnip
_vFiction
650 _aVegetables
_vFiction
700 _aTaylor, Lawrie
_eIllustrator
942 _2ddc
_cBK
_n0
999 _c7406
_d7406